000 00510nam a2200193Ia 4500
003 OSt
005 20250428104737.0
008 210210b1976 xxu||||| |||| 00| 0 eng d
040 _cAL
041 _aKannada
082 _aK894.3 CHIA
100 _aCHITRALEKHA
_dಚಿತ್ರಲೇಖಾ
_9208955
245 _aArchanachetana.
_bಅರ್ಚನಾ ಚೇತನ
260 _aBengaluru
_bPrakasha Sahitya
_c1976
300 _a191
690 _aKannada Fiction
_9208956
906 _a032516
942 _2ddc
_cBK
999 _c83558
_d83558